Loading...

An Ordinary Person's Guide to Empire

Bibliographic Details
Main Author: Arundhati Roy
Format: Printed Book
Published: New Delhi; Penguin Books Ltd; 2005
Edition:1st
Subjects:
LEADER 00542nam a22001577a 4500
020 |a 0670057614 
082 |a 824  |b ARU/A P5 
100 |a Arundhati Roy  |9 303100 
245 |a An Ordinary Person's Guide to Empire 
250 |a 1st 
260 |a New Delhi;  |b Penguin Books Ltd;  |c 2005 
300 |a 424p. 
650 |a English Essays; English Literature  |9 303049 
942 |c BK 
999 |c 62003  |d 62003 
952 |0 0  |1 0  |4 0  |6 824_000000000000000_ARU_A_P5  |7 0  |8 EngE  |9 74361  |a MAL  |b MAL  |d 2016-09-29  |e 47594  |g 395.00  |l 0  |o 824 ARU/A P5  |p MAL047594  |r 2016-09-29  |t 1  |w 2016-09-29  |y BK